[Event "It"]
[Site "Dos Hermanas ESP"]
[Date "2005.04.02"]
[Round "2"]
[White "Felgaer,R"]
[Black "Rustemov,A"]
[Result "1-0"]
[WhiteElo "2593"]
[BlackElo "2573"]

1.e4 e6 2.d4 d5 3.Nc3 Bb4 4.e5 c5 5.a3 Bxc3+ 6.bxc3 Ne7 7.a4 Nbc6 8.Nf3 Qa5
9.Qd2 f6 10.Bb5 Bd7 11.exf6 gxf6 12.O-O O-O-O 13.Ba3 cxd4 14.Nxd4 e5 15.Nb3 Qc7
16.Nc5 Rhg8 17.Rfb1 Nf5 18.Qxd5 Nh4 19.g3 Bg4 20.Bxc6 Rxd5 21.Bxd5 Nf3+ 22.Kh1 b6
23.h3 Bd7 24.Nxd7 Qxd7 25.Bxf3 Qxh3+ 26.Kg1 Rxg3+ 27.fxg3 Qxg3+ 28.Bg2 Qe3+
29.Kf1 Qf4+ 30.Ke2 Qc4+ 31.Kd2 Qf4+ 32.Kd3 Qg3+ 33.Kc4 Qxg2 34.Kb3 f5 35.Rg1 Qd5+
36.Kb2 f4 37.Rg7 f3 38.Rh1 e4 39.Rhxh7 e3 40.Rc7+ Kb8 41.Rce7 Qg8 42.Rb7+ Kc8
43.Rhc7+ Kd8 44.Bd6  1-0

[Event "It"]
[Site "Dos Hermanas ESP"]
[Date "2005.04.05"]
[Round "5"]
[White "Korneev,O"]
[Black "Felgaer,R"]
[Result "1/2-1/2"]
[WhiteElo "2611"]
[BlackElo "2593"]

1.e4 c5 2.Nf3 Nc6 3.d4 cxd4 4.Nxd4 Nf6 5.Nc3 e5 6.Ndb5 d6 7.Bg5 a6 8.Na3 b5
9.Nd5 Be7 10.Bxf6 Bxf6 11.c3 Ne7 12.Nxf6+ gxf6 13.Bd3 Bb7 14.Qe2 Rg8 15.g3 Qb6
16.O-O-O O-O-O 17.Nc2 Kb8 18.Rhe1 d5 19.a3 h5 20.Qxh5 Rh8 21.Qxf7 Qd6 22.Ne3 Rdf8
23.Qg7 Rfg8 24.Qf7 Rf8  1/2-1/2